Eneida

I tiakina i:
Ngā taipitopito rārangi puna kōrero
Kaituhi matua: Virgilio Marón, Publio (Author)
Hōputu: Pukapuka
Reo:Pāniora
I whakaputaina: Madrid Edición Integra 2012
Putanga:5a. ed
Rangatū:Clásicos Universales,40
Ngā marau:
Ngā Tūtohu: Tāpirihia he Tūtohu
Kāore He Tūtohu, Me noho koe te mea tuatahi ki te tūtohu i tēnei pūkete!

MARC

LEADER 00000cam a2200000 a 4500
001 UCC1684
003 CL-VaPUC
008 171117e20120000sp |||||||||||||||||spa|d
020 |a 9788489163751 
082 0 4 |a 873  |b VIR  |2 21 
100 0 |a Virgilio Marón, Publio  |e author  |9 266333 
245 1 0 |a Eneida 
250 |a 5a. ed 
300 |a 314 p 
942 |c BK 
945 |d 20171117 16:06:00  |a arojas 
260 |a Madrid  |b Edición Integra  |c 2012 
650 0 |a Poesías épicas latinas   |9 265355 
650 0 |a Literatura latina   |9 258055 
583 |a last modification  |c 20180824 01:08:08  |k Rodrigo Vera 
490 0 |a Clásicos Universales,40 
999 |c 370079  |d 370077 
952 |0 0  |1 0  |3 erb  |4 0  |6 873_000000000000000_VIR_2012  |7 0  |8 A  |9 486374  |a BIBGIM  |b BIBGIM  |i 5434769  |o 873 VIR 2012  |p 5434769  |r 2025-01-15  |w 2019-11-24  |y BK  |z Catalogado en:20171117  |k SSL